000 00774nam a2200205Ii 4500
003 JO-AjNU
008 230605s9999||||xx |||||||||||||| ||und||
017 _a1989/864
040 _aJO-AjNU
_bara
_erda
_cJO-AjNU
041 _aara
050 1 4 _aDS68.I7268 1989
100 3 _aترجمة وتحرير قزانجي، فؤاد؛ تقديم زمراجعة الحسني، عبدالرزاق,
_eauthor
_938491
245 0 0 _aالعراق في الوثائق البريطانية 1905-1930
264 3 1 _aبغداد: دار المأمون، 1989
300 _a155ص
_bصور توضيحية
336 _atext
_btxt
_2rdacontent
337 _aunmediated
_bn
_2rdamedia
338 _avolume
_bnc
_2rdacarrier
650 4 _aالعراق- تاريخ- القرن العشرون
_938492
999 _aA16176
_c19744
_d19744